| 000 | 00781nam a2200241Ia 4500 | ||
|---|---|---|---|
| 003 | OSt | ||
| 005 | 20220927104437.0 | ||
| 006 | a|||||r|||| 00| 0 | ||
| 007 | ta | ||
| 008 | 220926b |||||||| |||| 00| 0 eng d | ||
| 024 | _a147791 | ||
| 037 | _cReference Collections | ||
| 040 |
_aRTL _cRTL _beng |
||
| 041 |
_2eng _aeng |
||
| 082 | _a"X665.44Q70k73.N5, J4/GD" | ||
| 110 |
_a"UNITED STATES, COMMERCE (Deptt of-), FOREIGN COMMERCE (Bureau of-)" _9365887 |
||
| 245 | 0 | _aInvestment in Pakistan Conditions and outlook for | |
| 260 | _c1954 | ||
| 300 |
_a214p _ccm. |
||
| 700 |
_a"UNITED STATES, COMMERCE (Deptt of-), FOREIGN COMMERCE (Bureau of-)" _9365888 |
||
| 942 |
_h"X665.44Q70k73.N5, J4/GD" _cCC |
||
| 999 |
_c687463 _d687463 |
||